| 000 | 00453nam a2200133 a 4500 | ||
|---|---|---|---|
| 008 | 120416s1966 ||||||||||||||||| || u | ||
| 050 | _aQL 47 Wei | ||
| 100 | _aWeisz, Paul B | ||
| 245 | 1 | 4 | _aThe science of zoology |
| 260 |
_aNew York _bMcGraw-Hill _c1966 |
||
| 300 | _axix, 875p. : ill. | ||
| 350 | _a0.00 | ||
| 995 |
_D0.00 _FCBU-MAIN LIBRARY (Kitwe) _H1 _I4.80 _M1 _UDAMAGED _ZMain Library Open Access Collection |
||
| 999 |
_c57113 _d57113 |
||